Argentinos - ¡Muerte súbita! - Estadísticas

Estadísticas generales
  • Esta prueba ha sido intentada 8.178 veces
  • La puntuación promedio es 7 de 20
Answers on the Grid
Answers color-coded by a green-red scale on the quiz's grid according to % correct below.
Rauw Alejandro
Bizarrap
Simón Bolívar
Jorge Luis Borges
Julio Cortázar
Ricardo Darín
Lali Espósito
Ester Expósito
Axel Fernando
Papa Francisco
Manu Ginóbili
Diego Godín
Che Guevara
Adolf Hitler
Anya Taylor-Joy
Mía Maestro
Diego Maradona
Lionel Messi
Pablo Neruda
Nicki Nicole
Fito Páez
Pelé
Cecilia Roth
Sebastián Rulli
Miguel Ángel Solá
José de San Martín
Leonardo Sbaraglia
Shakira
Rodrigo de la Serna
Diego Torres
 
Estadísticas de respuestas
Respuesta % Correcto
Bizarrap
90%
Papa Francisco
54%
Lionel Messi
52%
Diego Maradona
50%
Lali Espósito
48%
Jorge Luis Borges
44%
Ricardo Darín
40%
Nicki Nicole
39%
Manu Ginóbili
35%
Fito Páez
31%
Che Guevara
30%
Nació en una misión jesuítica, lo que actualmente corresponde a la provincia de Corrientes. Asistió a una escuela en Buenos Aires durante sus años de niñez. José de San Martín
27%
Sebastián Rulli
25%
Leonardo Sbaraglia
21%
Rodrigo de la Serna
20%
Diego Torres
17%
No se mudó a España hasta que tuvo 18 años. Cecilia Roth
12%
Miguel Ángel Solá
10%
Axel Fernando
9%
Mía Maestro
8%
No se encontraron pruebas coincidentes
Distribución de puntuación
Porcentaje de gente con cada puntuación
Porcentaje por número respondido
Historial de tus puntuaciones
No has intentado esta prueba.